International environmental law reports. vol.II, Trade and environment /
Enregistré dans:
| Autres auteurs: | , , , |
|---|---|
| Format: | Sách giấy |
| Publié: |
Cambridge, U.K. ; New York, NY :
Cambridge University Press,
2001
|
| Sujets: | |
| Accès en ligne: | Table of contents Publisher description |
| Tags: |
Ajouter un tag
Pas de tags, Soyez le premier à ajouter un tag!
|
| Thư viện lưu trữ: | Thư viện Trường Đại học Đà Lạt |
|---|
| LEADER | 01603nam a2200421 4500 | ||
|---|---|---|---|
| 001 | DLU030023573 | ||
| 005 | ##20020821201758.0 | ||
| 008 | ##000308m19999999enkb wb 001 0 eng d | ||
| 010 | # | # | |a 00551531 |
| 020 | # | # | |a 0521650348 (set : HB : acid-free paper) |
| 020 | # | # | |a 052165968X (set : PB : acid-free paper) |
| 035 | # | # | |a (OCoLC)ocm42777205 |
| 040 | # | # | |a KSU |c KSU |d UMC |d DLC |
| 042 | # | # | |a lccopycat |
| 050 | # | # | |a K3584.53 |b 1999 |
| 082 | # | # | |a 341.762 |b Int |
| 245 | # | # | |a International environmental law reports. |n vol.II, |p Trade and environment / |c edited by Cairo A.R. Robb ; general editors, Daniel Bethlehem, James Crawford, Philippe Sands. |
| 260 | # | # | |a Cambridge, U.K. ; |a New York, NY : |b Cambridge University Press, |c 2001 |
| 300 | # | # | |a lxiii, 787p. : |b maps ; |c 24 cm |
| 504 | # | # | |a Includes bibliographical references and index. |
| 505 | # | # | |a v. 1. Early decisions -- v. 2. Trade and environment -- v. 3. Human rights and environment. |
| 650 | # | # | |a Environmental law |v Cases. |
| 650 | # | # | |a Environmental law, International |v Cases. |
| 700 | # | # | |a Bethlehem, D. L. |q (Daniel L.) |
| 700 | # | # | |a Crawford, James, |d 1948- |
| 700 | # | # | |a Robb, Cairo A. R. |
| 700 | # | # | |a Sands, Philippe, |d 1960- |
| 856 | # | # | |3 Table of contents |u http://www.loc.gov/catdir/toc/cam022/00551531.html |
| 856 | # | # | |3 Publisher description |u http://www.loc.gov/catdir/description/cam021/00551531.html |
| 992 | # | # | |a 247.00 |
| 994 | # | # | |a DLU |
| 900 | # | # | |a True |
| 911 | # | # | |a Thái Thị Thanh Thủy |
| 925 | # | # | |a G |
| 926 | # | # | |a A |
| 927 | # | # | |a SH |
| 980 | # | # | |a Thư viện Trường Đại học Đà Lạt |


